00285nam a2200121Ia 4500008004100000041000800041082001200049100001700061245002600078260002600104300002400130365000900154240624s9999 xx 000 0 und d aeng a823 REN aRENDELL RUTH a13 STEPS DOWN A NOVEL c2004aNew YorkbCrown a340 : p. : cm. ; 24 cb20